000 00481nam a2200193Ia 4500
005 20240820114203.0
008 131103s9999 xx 000 0 und d
020 _cRs.30
040 _aLoreto College
041 _aEnglish
082 _a891.43
_bPAN
100 _aPande, A.N.
245 _aSahitya Kalpadrum
_b sahayak pustika
_cA.N. Pande
260 _aKolkata
_bNirvay prakashan
_c[19?]
300 _a106p.
650 _aHindi litarature
850 _aLCBED
942 _cBK
999 _c35349
_d85828